000 02248nam a2200301Ia 4500
999 _c3543
_d3543
003 OSt
005 20200317165139.0
008 191128s1989 ck a gr 001 0 spa d
020 _a9582801646
040 _aCO-JMCR
_cCO-JMCR
041 0 _aspa
082 0 4 _a232 /
_bB467a
100 1 _aBenítez, J. J.,
_eautor
_91644
245 1 0 _aLos astronautas de Yavé /
_cJ.J. Benítez ; ilustraciones de F. Gnot
260 _aBogotá :
_bPlaneta,
_c1989
300 _a350 páginas :
_bilustraciones a blanco y negro ;
_c20 cm.
490 0 _aCirculo de Lectores
500 _aIncluye notas a pie de página.
500 _aIncluye índice onomástico
505 0 _aLos asombrosos y desconocidos evangelios apócrifos -- Los evangelistas "titulados" y los "intrusos" -- Los "abuelos" de Jesús: una familia adinerada -- Tres horas de terror -- El no menos misterioso embarazo de la "abuela" de Jesús -- Tres años de lactancia -- El "equipo" atento a la niñez de María -- Una alimentación especial -- La complicada elección de un esposo para María -- Los "micrófonos" de Yavé -- Una "nube" que ha sido vista por nuestros pilotos -- Moisés: cuarenta días de "entrenamiento" -- Una delicadísima "misión" -- Los astronautas preparan el éxodo -- Dos matanzas muy poco claras... -- Los "astronautas" perdieron la paciencia -- La anunciación: ¿un doble encuentro con los "astronautas"? -- ¿Una concepción virginal "controlada"? --José y María, sometidos a juicio -- "Apariciones en sueños" y mucho más -- Antes del parto: ¿paralización total de la zona? -- La cueva, permanentemente iluminada -- Una nave les guió desde Persia -- "Radiografía" de la llamada estrella de Belén -- Los "astronautas" hoy
520 _aEn esta obra el autor nos revela un sinfín de detalles y circunstancias que rodearon la preparación y el propio nacimiento de Jesús y que la Iglesia no ha podido dar a conocer hasta ahora. ¿Quién podía sospechar que Jesús no nació realmente en la aldea?
650 1 4 _aReligión en la literatura
_91645
650 1 4 _aNatividad de Jesucristo
_91646
650 1 4 _aVirgen María
_xnovela
_91647
650 1 4 _aReligión en la literatura
_91645
700 1 _a F. Gnot,
_eIlustrador
_91648
942 _2ddc
_cBK